000 01799cam a22004814i 4500
003 PE-LiUPU
005 20250731173447.0
008 150616s r 000 0 d
035 _a(Sirsi) a6018
040 _aPE-LiUPU
_bspa
_cPE-LiUPU
_erda
049 _aPRUA
082 0 4 _a200
_bJ1976
_221
100 1 _aDionisio, Mínguez,
_eautor.
245 1 0 _aPentecostés :
_bEnsayo de Semiótica narrativa en Hch. 2 /
_cDionisio Minguez.
264 1 _aRome :
_bBiblical Institute Press,
_c1976.
300 _a217 páginas :
_bIl. diagrs. ;
_c24 cm.
336 _atext
_2rdacontent
337 _aunmediated
_2rdamedia
338 _avolume
_2rdacarrier
490 0 _aInstitución San Jerónimo ;
_v7
500 _aCoedición con Analecta Bíblica, 75. Pentecostés.
504 _aBibliografía: páginas 211-214.
505 0 _aIndicios formales estructurales -- Grandes líneas de la estructuración -- Articulaciones internas -- Estructuración semántica profunda -- Estructuración narrativa de manifestación.
526 _aSEG42
526 _aSEG41
526 _aSEG40
526 _aSEG39
526 _aP94
526 _aP87
526 _aP86
526 _aP85
526 _aP77
526 _aP76
526 _aP35
630 _aBiblia.
_pN.T.
_pHechos
_xCrítica, interpretación, etc.
910 _ajck
_bjvq
_cjck
942 _2ddc
_cBOOK
949 _a200 J 1976
_wDEWEY
_c1
_i31682
_lCCODEBUL1
_mBUL
_p00.00
_r0
_sY
_tBOOK
_u19950928
_xTEOLOGIA
_zUNKNOWN
_0COMPRA
_o.STAFF. Colección General
994 _aC0
_bPEPRU
596 _a1
999 _a200 J 1976
_wDEWEY
_c57107
_i31682
_f2021-11-9
_g5
_lCCODEBUL1
_mBUL
_r0
_sY
_tBOOK
_u2015-6-16
_xTEOLOGIA
_zUNKNOWN
_0COMPRA
_o.STAFF. Colección General
_d57107
980 _81
_gALBERTO SANCHEZ Responsable de Automatización